Innovation : creativity techniques for hospitality managers (Record no. 207785)

MARC details
000 -LEADER
fixed length control field 00496nam a2200157Ia 4500
008 - FIXED-LENGTH DATA ELEMENTS--GENERAL INFORMATION
fixed length control field 231221s9999 xx 000 0 und d
041 ## - LANGUAGE CODE
Language code of text/sound track or separate title English
082 ## - DEWEY DECIMAL CLASSIFICATION NUMBER
Classification number 647.2 BER;1 R
100 ## - MAIN ENTRY--PERSONAL NAME
Personal name Berger, Florence Ferguson, Dennis H
245 #0 - TITLE STATEMENT
Title Innovation : creativity techniques for hospitality managers
260 ## - PUBLICATION, DISTRIBUTION, ETC.
Date of publication, distribution, etc. 1990
Name of publisher, distributor, etc. John Wiley
Place of publication, distribution, etc. NEW YORK
300 ## - PHYSICAL DESCRIPTION
Extent xxi+116
650 ## - SUBJECT ADDED ENTRY--TOPICAL TERM
Topical term or geographic name entry element Hotel management-Hospitality
650 ## - SUBJECT ADDED ENTRY--TOPICAL TERM
Topical term or geographic name entry element Innovation,:,creativity,techniques,hospitality,managers
942 ## - ADDED ENTRY ELEMENTS (KOHA)
Koha item type Hotel Management Library
Holdings
Date last seen Total checkouts Full call number Accession number Cost, total (INR) price Price effective from Category Lost status Damaged status Department Withdrawn status Home library Current library Shelving location Entry date Vendor Cost, normal purchase price Grants Billnumber Billdate Currency symbol Conversion rate Discount Old discount
26/01/2024   647.2 BER;1 R HM354 1067.09 26/01/2024 Hotel Management Library     HEM   Central Library Central Library HM   Standard Book House, 1255.40 HM 20650 21/06/2010 RS 1 188.31 15

© For any Suggestions or Query, please contact the library staff @ librarian@pes.edu or Phone: +9180 2672 1983/ 2108.